00847nam a22002297a 450000500170000000800410001702000150005804000270007304100080010004400070010808200180011510000310013324500680016426000760023230000860030850400420039465000110043665100500044765100410049765100390053870000400057720180803170158.0150922b1998 ck |||||r|||| 00| 0 spa d a9800754857 aCO-BoIAVH cCO-BoIAVH 0 aspa ave04a551.483bM78o1 aPalacios Monteverde, Oscar13aEl Orinoco terecer río del mundo /cOscar Palacios Monteverde aCaracas (Venezuela):bFundación Avenza:bFundación Terramar,c1998. a132 páginas :bilustraciones y fotografías (algunas a color), mapas ;c22 cm. aIncluye referencias bibliográficas. 6aRíos 4aOrinoco (Río, Venezuela)xCaracterísticas 4aOrinoco (Río, Venezuela)xCaudales 4aOrinoco (Río, Venezuela)xDeltas1 aMichelangeli Ayala, ArmandoeEditor